00527nam a22001817a 4500003000400000020001800004082001800022100002000040245003000060260004800090300000700138650001400145700002000159700002100179942001200200952011600212999001700328SGT a9786206686064 a617.601bS23K aKhurana, Charu  aSpecial Care in Dentistry aGermany bLambert Academic Publishingc2023 a77 aDentistry aTandon, Shourya aMinocha, Rashmit 2ddccBK 00102ddc405171aFDbFDcREFd2024-08-05iSGTUl0o617.601 S23KpFD9328r2024-08-05 00:00:00w2024-08-05yBK c26763d26763